000
00354nam a22001697a 4500
003
UA-OsUOA
001
5971
007
ta
008
20050721b un ||||| |||| 00| 0 ukr d
100
_a
Windsor
700
_a
Merrill
942
_c
BK
040
_a
UA-OsUOA
_c
UA-OsUOA
_d
UA-OsUOA
245
_a
America's Sunset Coast.
955
_a
2
650
7
_2
UDC
999
_c
292133
_d
292133